| 000 | 00672nam a2200145Ia 4500 | ||
|---|---|---|---|
| 008 | 100415s9999 xx 000 0 und d | ||
| 082 |
_b10166 _a595.76(54) |
||
| 100 | _aFowler WW | ||
| 245 | _aThe Fauna of British India including Ceylon and Burma Coleoptera General Introduction and Cicindelidae and Paussidae | ||
| 260 |
_aNEW DELHI _c1912 _bTODAY & TOMORROW'S PRINTERS & |
||
| 365 | _b0 | ||
| 630 | _aThe Fauna of British India including Ceylon and Burma Coleoptera General Introduction and Cicindelidae and Paussidae | ||
| 730 | _aThe Fauna of British India including Ceylon and Burma Coleoptera General Introduction and Cicindelidae and Paussidae | ||
| 942 | _cBOOK | ||
| 999 |
_c593095 _d593092 |
||